| 000 | 00532cam a2200193ua 4500 | ||
|---|---|---|---|
| 001 | 618 | ||
| 005 | 20260515113210.0 | ||
| 008 | 110411n ii |||gr||||Z||||||eng | ||
| 020 | _a81-7018-472-X | ||
| 040 | _cMAIN | ||
| 245 | 1 |
_aUnited nations and nuclear proliferation _cby T.T. Poulose |
|
| 250 | _a1st. | ||
| 260 |
_aDelhi: _bB.R. publishing corporation,988. |
||
| 300 |
_avi, 250p: _c20cm. |
||
| 653 | _aPolitical science | ||
| 653 | _aUnited nations and nuclear poliferation | ||
| 700 | 1 |
_aPoulose, T.T., _eAuthor. |
|
| 942 | _cBK | ||
| 999 |
_c549 _d549 |
||